LIBRARY & INFORMATION CENTRE, KCAET, TAVANUR

ONLINE PUBLIC ACCESS CATALOGUE (OPAC)

History of modern Europe since 1789 / (Record no. 6338)

MARC details
000 -LEADER
fixed length control field 00381cam a2200145ua 4500
041 ## - LANGUAGE CODE
Language code of text/sound track or separate title eng
082 ## - DEWEY DECIMAL CLASSIFICATION NUMBER
Classification number 940
Item number MAH/HI
100 ## - MAIN ENTRY--AUTHOR NAME
Personal name Mahajan, Vidhya Dhar .
245 ## - TITLE STATEMENT
Title History of modern Europe since 1789 /
260 ## - PUBLICATION, DISTRIBUTION, ETC. (IMPRINT)
Place of publication New Delhi :
Name of publisher S.Chand and Co ,
Year of publication 1968.
300 ## - PHYSICAL DESCRIPTION
Number of Pages 1350 ; .
942 ## - ADDED ENTRY ELEMENTS (KOHA)
Koha item type Books
Holdings
Withdrawn status Lost status Damaged status Home library Current library Date acquired Full call number Accession Number Koha item type
      KAUAET KAUAET 07/04/2012 940 12152 Books
free website counter